| 000 | 00529nam a22001937a 4500 | ||
|---|---|---|---|
| 003 | CEME | ||
| 005 | 20210628204158.0 | ||
| 008 | 210202b xxu||||| |||| 00| 0 eng d | ||
| 020 | _a81-7596-038-8 | ||
| 040 | _c. | ||
| 082 | _a621.317 SHE | ||
| 100 |
_aShepherd, W, Hulley, L.N, Liang, D.T.W _969140 |
||
| 245 | _aPower electronis and motor control | ||
| 250 | _a2ND | ||
| 260 |
_aNEW DELHI _bCAMBRIDGE UNIVERSITY _c1998 |
||
| 300 | _aXVI,538P | ||
| 650 |
_aPOWER ELECTRONICS, ELECTRONIC CONTROL _969141 |
||
| 942 |
_cBK _2ddc |
||
| 999 |
_c576534 _d576534 |
||